[Event "GER-chT U20"]
[Site "Braunschweig"]
[Date "2019.12.28"]
[Round "4.4"]
[White "Kroschel, Anton"]
[Black "Schaefer, Melvin"]
[Result "1-0"]
[WhiteElo "1756"]
[BlackElo "1392"]
[PlyCount "39"]
[EventDate "2019.12.27"]
[EventType "team-swiss"]
[EventRounds "7"]
[EventCountry "GER"]
[SourceTitle "CBM 194 Extra"]
[Source "ChessBase"]
[SourceDate "2020.03.31"]
[SourceVersion "1"]
[SourceVersionDate "2020.03.31"]
[SourceQuality "1"]
[WhiteTeam "Luebeck"]
[BlackTeam "Trier SG"]
[WhiteTeamCountry "GER"]
[BlackTeamCountry "GER"]

1. Nf3 Nf6 2. c4 d6 3. d4 Nbd7 4. Nc3 g6 5. Bd2 Bg7 6. g3 0-0 7. Bg2 e5 8. dxe5 dxe5 9. Qc2 Ne8 10. 0-0 f5 11. Ng5 Nb6 12. c5 h6 13. Qb3+ Kh8 14. Nf7+ Rxf7 15. Qxf7 Nd6 16. cxd6 Qxd6 17. Nb5 Qxd2 18. Nxc7 Rb8 19. Rad1 Qg5 20. Ne8 1-0

[Event "GER-chT U20"]
[Site "Braunschweig"]
[Date "2019.12.27"]
[Round "2.7"]
[White "Hoenisch, Alexander"]
[Black "Schaefer, Melvin"]
[Result "1/2-1/2"]
[WhiteElo "1477"]
[BlackElo "1392"]
[PlyCount "101"]
[EventDate "2019.12.27"]
[EventType "team-swiss"]
[EventRounds "7"]
[EventCountry "GER"]
[SourceTitle "CBM 194 Extra"]
[Source "ChessBase"]
[SourceDate "2020.03.31"]
[SourceVersion "1"]
[SourceVersionDate "2020.03.31"]
[SourceQuality "1"]
[WhiteTeam "Bebenhausen"]
[BlackTeam "Trier SG"]
[WhiteTeamCountry "GER"]
[BlackTeamCountry "GER"]

1. e4 d5 2. exd5 Qxd5 3. Nc3 Qa5 4. d4 Nf6 5. Nf3 Bg4 6. Be2 e6 7. 0-0 c6 8. Ne5 Bxe2 9. Qxe2 Nbd7 10. Bf4 Qb4 11. Nxd7 Nxd7 12. Qd3 Be7 13. a3 Qb6 14. Rfe1 Rd8 15. b3 Nf6 16. Be3 0-0 17. Qc4 Nd5 18. Nxd5 Rxd5 19. Qe2 Bf6 20. c4 Rd7 21. Red1 Bxd4 22. Bxd4 Rxd4 23. Rxd4 Qxd4 24. Rd1 Qb6 25. Rd3 Rd8 26. Rxd8+ Qxd8 27. h3 h6 28. Qb2 Qd6 29. b4 b6 30. Qb3 b5 31. cxb5 cxb5 32. a4 Qe5 33. axb5 Qxb5 34. Qc3 Qd7 35. Qc5 Qb7 36. b5 Qb6 37. Qc6 Qb8 38. g3 g6 39. Qd7 Kg7 40. Qd4+ Kg8 41. Qd7 Kg7 42. Qd4+ Kg8 43. Qd7 Qe5 44. Qc8+ Kg7 45. Qa6 Qe1+ 46. Kg2 Qe4+ 47. Kg1 Qe1+ 48. Kg2 Qe4+ 49. Kg1 Qe1+ 50. Kg2 Qe4+ 51. Kg1 1/2-1/2